Cristiano Ronaldo Quiz - Statistics

General Stats
  • This quiz has been taken 235 times
  • The average score is 6 of 7
Answer Stats
Question Answer % Correct
In what country was CR7 born in? Portugal
100%
How many goals has CR7 scored in his career? Over 800
94%
How many Champions League trophies has CR7 won? 5
91%
What is CR7's Last Name? Dos Santos Aveiro
91%
How many Ballen'Dors did CR7 win at Real Madrid? 4
84%
What Football Club did CR7 play for first in his career before playing for Manchester United? Sporting Lisbon
69%
How many trophies has CR7 won? 34
38%
No matching quizzes found
Score Distribution
Percent of People with Each Score
Percentile by Number Answered
Your Score History
You have not taken this quiz